[Event "NB I. Maroczy csoport"]
[Site "Nyiregyhaza"]
[Date "2023.10.08"]
[Round "1.6"]
[White "Hibjan, Tamas"]
[Black "Horvath, Kristof"]
[Result "1/2-1/2"]
[WhiteElo "2130"]
[BlackElo "2115"]
[PlyCount "202"]
[EventDate "2023.10.08"]
[EventType "team-tourn"]
[EventRounds "11"]
[EventCountry "HUN"]
[Source "chess.hu"]
[WhiteTeam "NYVSC "]
[BlackTeam "DVTK I."]
[WhiteTeamCountry "HUN"]
[BlackTeamCountry "HUN"]

1. e4 e5 2. Nf3 Nc6 3. Bb5 a6 4. Ba4 d6 5. O-O Bd7 6. c3 g5 7. d4 g4 8. Ne1 h5
9. Be3 Bh6 10. Qe2 Nge7 11. d5 Nb8 12. Bc2 Ng6 13. c4 Bxe3 14. Qxe3 a5 15. Nc3
Na6 16. Nd3 Qe7 17. a3 f5 18. exf5 Bxf5 19. Ne4 O-O 20. f3 Qg7 21. fxg4 Bxg4
22. Qg5 Nf4 23. Nxf4 exf4 24. Rxf4 Rxf4 25. Qxf4 Rf8 26. Qg5 Bf5 27. Rc1 Bxe4
28. Qxg7+ Kxg7 29. Bxe4 Nc5 30. Bf3 h4 31. Rc3 Rf4 32. b3 Rd4 33. b4 axb4 34.
axb4 Na6 35. b5 Nc5 36. Be2 Kf6 37. Rf3+ Ke7 38. Kf2 b6 39. g3 hxg3+ 40. hxg3
Rd2 41. g4 Nd7 42. Rh3 Ne5 43. g5 Nxc4 44. Ke1 Rxd5 45. Bxc4 Rxg5 46. Rh7+ Kd8
47. Be2 Rc5 48. Rh5 d5 49. Rh6 Kd7 50. Kd2 c6 51. bxc6+ Kc7 52. Kd3 Rxc6 53.
Rh7+ Kd6 54. Kd4 Rc2 55. Bd3 Rc5 56. Rh6+ Kc7 57. Be2 Rc6 58. Rh7+ Kd6 59. Rb7
Rc2 60. Rxb6+ Kc7 61. Re6 Kd7 62. Re5 Kc6 63. Bd3 Rc1 64. Rxd5 Rg1 65. Rf5 Kd6
66. Re5 Rd1 67. Re3 Rg1 68. Rf3 Re1 69. Rf4 Re6 70. Rf7 Re1 71. Rh7 Re7 72. Rh1
Re6 73. Be4 Ke7 74. Bd5 Re2 75. Rf1 Kd6 76. Rf6+ Kc7 77. Rg6 Re1 78. Rh6 Rg1
79. Be4 Rg5 80. Ke3 Kd7 81. Ra6 Ke7 82. Kf4 Rc5 83. Bd3 Rd5 84. Ke4 Rd6 85.
Ra7+ Rd7 86. Ra5 Kf6 87. Bc4 Rc7 88. Ra6+ Kg5 89. Be6 Rc1 90. Ra2 Kf6 91. Bd5
Re1+ 92. Kd4 Rd1+ 93. Kc5 Ke5 94. Re2+ Kf4 95. Kd6 Ra1 96. Rf2+ Ke3 97. Rf3+
Kd4 98. Rf4+ Ke3 99. Rb4 Rg1 100. Be4 Rg5 101. Ke6 Rg1 1/2-1/2

[Event "NB I. Maroczy csoport"]
[Site "Nyiregyhaza"]
[Date "2023.10.08"]
[Round "1.7"]
[White "Dobai, Szabolcs"]
[Black "Borsavolgyi, Tamas"]
[Result "1-0"]
[WhiteElo "2106"]
[BlackElo "2061"]
[PlyCount "91"]
[EventDate "2023.10.08"]
[EventType "team-tourn"]
[EventRounds "11"]
[EventCountry "HUN"]
[Source "chess.hu"]
[WhiteTeam "DVTK I."]
[BlackTeam "NYVSC "]
[WhiteTeamCountry "HUN"]
[BlackTeamCountry "HUN"]

1. d4 d5 2. c4 e6 3. Nf3 Nf6 4. g3 dxc4 5. Bg2 c5 6. O-O Nc6 7. Ne5 Nxe5 8.
dxe5 Qxd1 9. Rxd1 Nd5 10. Na3 Bd7 11. Nxc4 b5 12. Nd6+ Bxd6 13. exd6 Bc6 14. a3
Kd7 15. e4 Nf6 16. f3 Rhc8 17. b3 Ke8 18. Be3 Nd7 19. Rac1 Bb7 20. Bf1 a6 21.
Rd2 Rc6 22. Be2 Rac8 23. f4 c4 24. bxc4 bxc4 25. e5 c3 26. Rdc2 Nb6 27. Bxb6
Rxb6 28. Rxc3 Rxc3 29. Rxc3 Bc6 30. Kf2 Kd7 31. h4 Kd8 32. Ke3 f6 33. Kd4 Bd5
34. Bf3 Rb5 35. Bxd5 Rxd5+ 36. Ke4 fxe5 37. fxe5 Ra5 38. Kf4 Ra4+ 39. Kg5 Re4
40. Rc5 Re3 41. g4 Rxa3 42. h5 Rf3 43. Rc7 h6+ 44. Kg6 Rf4 45. Kxg7 Rxg4+ 46.
Kf6 1-0

[Event "NB I. Maroczy csoport"]
[Site "Nyiregyhaza"]
[Date "2023.10.08"]
[Round "1.8"]
[White "Egyed, Judit"]
[Black "Herczeg, Marcell"]
[Result "0-1"]
[WhiteElo "2090"]
[BlackElo "2064"]
[PlyCount "208"]
[EventDate "2023.10.08"]
[EventType "team-tourn"]
[EventRounds "11"]
[EventCountry "HUN"]
[Source "chess.hu"]
[WhiteTeam "NYVSC "]
[BlackTeam "DVTK I."]
[WhiteTeamCountry "HUN"]
[BlackTeamCountry "HUN"]

1. e4 c5 2. Nf3 e6 3. d4 cxd4 4. Nxd4 Nc6 5. Nxc6 bxc6 6. Bd3 d5 7. e5 g6 8.
O-O Bg7 9. Qe2 Qc7 10. Re1 c5 11. c3 h6 12. Nd2 Ne7 13. Nf3 Rb8 14. h3 Nc6 15.
b3 Bd7 16. Bf4 a5 17. Qc2 g5 18. Bg3 Ne7 19. Rab1 Nc6 20. Qe2 a4 21. bxa4 c4
22. Bc2 Qa5 23. Qe3 Bf8 24. Rxb8+ Nxb8 25. Rb1 Nc6 26. Rb5 Qa8 27. Qb6 Be7 28.
Rb1 O-O 29. Qe3 f5 30. exf6 Bxf6 31. h4 Qd8 32. Bd6 Rf7 33. Ne5 Bxe5 34. Bxe5
Qf8 35. f3 Rf4 36. Bxf4 gxf4 37. Qf2 e5 38. Rb7 Qd6 39. g3 d4 40. gxf4 d3 41.
Bd1 exf4 42. Rb2 Qe5 43. Rb7 Bc8 44. Rb6 Bd7 45. Rb7 Bc8 46. Rb6 Bd7 47. a5
Qxa5 48. Rb7 Qd5 49. Qd2 Qd6 50. Ba4 Ne5 51. Qg2+ Kf8 52. Bxd7 Nxd7 53. Rb2 Nb6
54. Qg4 d2 55. Qf5+ Kg7 56. Rxd2 Qxd2 57. Qe5+ Kf7 58. Qc7+ Nd7 59. Qxc4+ Ke7
60. Qe4+ Kd8 61. Qa8+ Kc7 62. Qa7+ Kc6 63. Qa8+ Kb6 64. Qd8+ Kb5 65. Qc7 Qe1+
66. Kg2 Qg3+ 67. Kh1 Qxh4+ 68. Kg2 Qg3+ 69. Kh1 Qxf3+ 70. Kh2 Qf2+ 71. Kh1 Qe1+
72. Kh2 Qd2+ 73. Kh1 Qd5+ 74. Kh2 Qxa2+ 75. Kh1 Qd5+ 76. Kh2 Nb6 77. Qxf4 Qc6
78. Qb4+ Ka6 79. Kh3 Nd5 80. Qa3+ Kb7 81. Qb3+ Kc7 82. c4 Qe6+ 83. Kh2 Nb6 84.
Kg3 Nxc4 85. Kh4 Qf6+ 86. Kh3 Qf5+ 87. Kh4 Qf4+ 88. Kh3 Qe3+ 89. Qxe3 Nxe3 90.
Kg3 Nf5+ 91. Kf4 Ne7 92. Ke5 Kd7 93. Kf4 Ke6 94. Kg4 Kf6 95. Kh5 Nf5 96. Kg4
Kg6 97. Kf3 Kg5 98. Kg2 h5 99. Kh3 h4 100. Kh2 Kg4 101. Kg2 h3+ 102. Kh2 Ne3
103. Kh1 Kg3 104. Kg1 Kg4 0-1

[Event "NB I. Maroczy csoport"]
[Site "Nyiregyhaza"]
[Date "2023.10.08"]
[Round "1.9"]
[White "Papp, Abel"]
[Black "Egyed, Zsolt"]
[Result "1-0"]
[WhiteElo "2153"]
[BlackElo "2046"]
[PlyCount "63"]
[EventDate "2023.10.08"]
[EventType "team-tourn"]
[EventRounds "11"]
[EventCountry "HUN"]
[Source "chess.hu"]
[WhiteTeam "DVTK I."]
[BlackTeam "NYVSC "]
[WhiteTeamCountry "HUN"]
[BlackTeamCountry "HUN"]

1. e4 c5 2. Nf3 d6 3. Bb5+ Bd7 4. Bxd7+ Nxd7 5. O-O g6 6. c3 Bg7 7. Re1 Qc7 8.
d4 e6 9. h3 Ngf6 10. Bf4 e5 11. Bh2 O-O 12. Nbd2 Rfe8 13. Qb3 cxd4 14. cxd4
exd4 15. Nxd4 Nc5 16. Qc2 Qd7 17. Rad1 Rac8 18. Qb1 Qa4 19. N4f3 Nfxe4 20. Nxe4
Nxe4 21. b3 Qa5 22. Rxe4 Rxe4 23. Qxe4 Qxa2 24. Qxb7 Qc2 25. Qd5 a5 26. Bxd6 a4
27. bxa4 Qxa4 28. Be5 Bxe5 29. Nxe5 Qa7 30. Ng4 Qa3 31. Nh6+ Kg7 32. Qxf7+ 1-0

[Event "NB I. Maroczy csoport"]
[Site "Nyiregyhaza"]
[Date "2023.10.08"]
[Round "1.10"]
[White "Blahota, Marcell"]
[Black "Kovacs, Tamas"]
[Result "1/2-1/2"]
[WhiteElo "2037"]
[BlackElo "2088"]
[PlyCount "36"]
[EventDate "2023.10.08"]
[EventType "team-tourn"]
[EventRounds "11"]
[EventCountry "HUN"]
[Source "chess.hu"]
[WhiteTeam "NYVSC "]
[BlackTeam "DVTK I."]
[WhiteTeamCountry "HUN"]
[BlackTeamCountry "HUN"]

1. d4 Nf6 2. c4 e6 3. Nc3 Bb4 4. a3 Bxc3+ 5. bxc3 c5 6. e3 O-O 7. Bd3 d6 8. Ne2
Nc6 9. Ng3 e5 10. d5 Ne7 11. O-O Ne8 12. e4 f6 13. Rb1 g5 14. h4 Ng6 15. Nf5
Ng7 16. h5 Nf4 17. g4 Nxf5 18. exf5 Nxd3 1/2-1/2

[Event "NB I. Maroczy csoport"]
[Site "Nyiregyhaza"]
[Date "2023.10.08"]
[Round "1.11"]
[White "Farkas, Istvan"]
[Black "Ruboczki, Tibor"]
[Result "0-1"]
[WhiteElo "2019"]
[BlackElo "2002"]
[PlyCount "76"]
[EventDate "2023.10.08"]
[EventType "team-tourn"]
[EventRounds "11"]
[EventCountry "HUN"]
[Source "chess.hu"]
[WhiteTeam "DVTK I."]
[BlackTeam "NYVSC "]
[WhiteTeamCountry "HUN"]
[BlackTeamCountry "HUN"]

1. e4 e6 2. e5 d5 3. exd6 Bxd6 4. d4 Nf6 5. Nf3 O-O 6. Bd3 b6 7. Bg5 Bb7 8.
Nbd2 h6 9. Bh4 Nbd7 10. Nc4 Be7 11. O-O c5 12. c3 cxd4 13. cxd4 Rc8 14. Nce5
Nxe5 15. dxe5 Nd7 16. Bg3 Nc5 17. Be2 Qxd1 18. Rfxd1 Rfd8 19. Rac1 Rxd1+ 20.
Rxd1 Na4 21. h3 Bd5 22. Bb5 Nxb2 23. Rd2 Nc4 24. Rc2 Rc5 25. Nd4 Na3 26. Rb2
Rc1+ 27. Kh2 Bc5 28. Ne2 Ra1 29. Ba6 Rxa2 30. Rxa2 Bxa2 31. Nc3 Bc4 32. Bxc4
Nxc4 33. f4 a5 34. Na2 Be3 35. Nc3 Nb2 36. Nb5 a4 37. Na3 Bc5 38. Nc2 Nd3 0-1

[Event "NB I. Maroczy csoport"]
[Site "Nyiregyhaza"]
[Date "2023.10.08"]
[Round "1.12"]
[White "Czirjak, Robert Krisztian"]
[Black "Ress, Amira"]
[Result "1-0"]
[WhiteElo "1472"]
[BlackElo "1493"]
[PlyCount "77"]
[EventDate "2023.10.08"]
[EventType "team-tourn"]
[EventRounds "11"]
[EventCountry "HUN"]
[Source "chess.hu"]
[WhiteTeam "NYVSC "]
[BlackTeam "DVTK I."]
[WhiteTeamCountry "HUN"]
[BlackTeamCountry "HUN"]

1. d4 d5 2. c4 c6 3. cxd5 cxd5 4. Bf4 Nc6 5. Nf3 Nf6 6. Nc3 a6 7. e3 Bg4 8. Bd3
e6 9. h3 Bh5 10. a3 Bd6 11. Bxd6 Qxd6 12. O-O O-O 13. Rc1 Bg6 14. Bxg6 fxg6 15.
b4 b5 16. Qd3 Nd7 17. Nb1 Rac8 18. Rc2 Rc7 19. Rfc1 Rfc8 20. Nbd2 Ne7 21. Nb3
Rxc2 22. Rxc2 Rxc2 23. Qxc2 Qc6 24. Nc5 Nc8 25. Qa2 Ne7 26. Nd2 Nxc5 27. dxc5
a5 28. Nf3 a4 29. g4 Qc7 30. Qe2 Qb7 31. Nd4 Qa6 32. Qxb5 Qxb5 33. Nxb5 e5 34.
Kf1 Kf8 35. Ke2 Nc6 36. Kd3 e4+ 37. Ke2 Ke7 38. Nc3 Ke6 39. Nxa4 1-0

[Event "NB I. Maroczy csoport"]
[Site "Budapest"]
[Date "2023.10.15"]
[Round "2.1"]
[White "Varga, Peter"]
[Black "Prorok, Marton"]
[Result "1/2-1/2"]
[WhiteElo "2366"]
[BlackElo "2331"]
[PlyCount "102"]
[EventDate "2023.10.08"]
[EventType "team-tourn"]
[EventRounds "11"]
[EventCountry "HUN"]
[Source "chess.hu"]
[WhiteTeam "NYVSC "]
[BlackTeam "Dr.  Hetenyi Geza SK"]
[WhiteTeamCountry "HUN"]
[BlackTeamCountry "HUN"]

1. d4 f5 2. g3 Nf6 3. Bg2 d6 4. Nf3 g6 5. O-O Bg7 6. b3 O-O 7. Bb2 c6 8. Nbd2
Qc7 9. Re1 f4 10. gxf4 Bg4 11. h3 Bd7 12. e3 Kh8 13. Nf1 Na6 14. Ng3 Rad8 15.
Qe2 c5 16. c4 cxd4 17. Nxd4 Qc8 18. Kh2 Nc5 19. Rad1 Rf7 20. b4 Na4 21. Ba1 Rg8
22. Nf3 Rff8 23. Rc1 Bc6 24. Qc2 a6 25. b5 axb5 26. cxb5 Bxb5 27. Nd4 Bd7 28.
Qxc8 Rxc8 29. Bxb7 Rb8 30. Bc6 Nc5 31. Bxd7 Nfxd7 32. Nc6 Nd3 33. Nxb8 Rxb8 34.
Bxg7+ Kxg7 35. Rcd1 Nxe1 36. Rxe1 Nc5 37. Kg2 h5 38. h4 Rb4 39. Kf3 Kf7 40. Ra1
Ra4 41. a3 Nb3 42. Ra2 Nc1 43. Rc2 Nd3 44. Rc3 Ne1+ 45. Ke2 Ng2 46. f3 Nxh4 47.
Ne4 Ke8 48. Rb3 Nf5 49. Nc3 Ra8 50. a4 h4 51. Kf2 Kd8 1/2-1/2

[Event "NB I. Maroczy csoport"]
[Site "Budapest"]
[Date "2023.10.15"]
[Round "2.2"]
[White "Paschall, William"]
[Black "Oros, Robert"]
[Result "1/2-1/2"]
[WhiteElo "2329"]
[BlackElo "2249"]
[PlyCount "62"]
[EventDate "2023.10.08"]
[EventType "team-tourn"]
[EventRounds "11"]
[EventCountry "HUN"]
[Source "chess.hu"]
[WhiteTeam "Dr.  Hetenyi Geza SK"]
[BlackTeam "NYVSC "]
[WhiteTeamCountry "HUN"]
[BlackTeamCountry "HUN"]

1. Nf3 Nc6 2. d4 d6 3. e4 Nf6 4. c3 e5 5. Bd3 Be7 6. O-O Bg4 7. d5 Nb8 8. c4
Nbd7 9. Nc3 Nc5 10. Bc2 a5 11. Rb1 O-O 12. Re1 Ne8 13. Be3 Bxf3 14. Qxf3 Bg5
15. b3 g6 16. a3 Nd7 17. b4 axb4 18. axb4 Ng7 19. Bxg5 Qxg5 20. Qe3 Qxe3 21.
fxe3 Rfc8 22. Ba4 Nf6 23. Bb3 Nge8 24. Ra1 Kf8 25. Kf2 Nd7 26. Ke2 h5 27. Kd3
Ke7 28. Rf1 Nef6 29. Rfe1 Ne8 30. Rf1 Nef6 31. Rfe1 Ne8 1/2-1/2

[Event "NB I. Maroczy csoport"]
[Site "Budapest"]
[Date "2023.10.15"]
[Round "2.3"]
[White "Varga, Marcell"]
[Black "Issa, Rafat"]
[Result "1/2-1/2"]
[WhiteElo "2219"]
[BlackElo "2316"]
[PlyCount "120"]
[EventDate "2023.10.08"]
[EventType "team-tourn"]
[EventRounds "11"]
[EventCountry "HUN"]
[Source "chess.hu"]
[WhiteTeam "NYVSC "]
[BlackTeam "Dr.  Hetenyi Geza SK"]
[WhiteTeamCountry "HUN"]
[BlackTeamCountry "HUN"]

1. d4 Nf6 2. c4 g6 3. Nf3 Bg7 4. g3 d5 5. Bg2 dxc4 6. Nc3 Nbd7 7. O-O O-O 8. e4
c6 9. a4 a5 10. Qe2 Nb6 11. h3 Nfd7 12. e5 Nb8 13. Rd1 Be6 14. Ng5 Bd5 15. Nxd5
cxd5 16. e6 f6 17. Nf7 Rxf7 18. exf7+ Kxf7 19. b3 Nc6 20. Rb1 Nb4 21. bxc4 Nxc4
22. Re1 Qd7 23. Bf4 Re8 24. Rec1 e6 25. Rxc4 dxc4 26. Qxc4 Rc8 27. Qb3 Bf8 28.
Re1 b6 29. Bd2 Re8 30. Rc1 Qxd4 31. Be3 Qd8 32. Rd1 Qc7 33. Rc1 Bc5 34. Qc4 Rc8
35. Qh4 h5 36. g4 Qe5 37. gxh5 gxh5 38. Bf3 Rg8+ 39. Kf1 Bxe3 40. Qxh5+ Qxh5
41. Bxh5+ Ke7 42. fxe3 Rg3 43. Rc7+ Kd6 44. Rb7 Rxh3 45. Rxb6+ Kc7 46. Rb5 Rxe3
47. Rxa5 Nc6 48. Ra8 f5 49. Be2 Nd4 50. Bc4 Rc3 51. Ba6 Ra3 52. Bc4 e5 53. a5
e4 54. a6 Kb6 55. Kg2 f4 56. Re8 f3+ 57. Kf2 Rc3 58. Bf1 Rc2+ 59. Ke3 Nf5+ 60.
Kxe4 Nd6+ 1/2-1/2

[Event "NB I. Maroczy csoport"]
[Site "Budapest"]
[Date "2023.10.15"]
[Round "2.4"]
[White "Varga, Csaba Zoltan"]
[Black "Hibjan, Tamas"]
[Result "1-0"]
[WhiteElo "2235"]
[BlackElo "2130"]
[PlyCount "97"]
[EventDate "2023.10.08"]
[EventType "team-tourn"]
[EventRounds "11"]
[EventCountry "HUN"]
[Source "chess.hu"]
[WhiteTeam "Dr.  Hetenyi Geza SK"]
[BlackTeam "NYVSC "]
[WhiteTeamCountry "HUN"]
[BlackTeamCountry "HUN"]

1. d4 Nf6 2. Bf4 d6 3. Nc3 Nh5 4. Bg5 h6 5. Bh4 g5 6. e4 Nf6 7. Bg3 Bg7 8. e5
Nfd7 9. Nf3 dxe5 10. Nxe5 Nxe5 11. Bxe5 Bxe5 12. dxe5 Qxd1+ 13. Rxd1 c6 14. h4
g4 15. Ne2 Nd7 16. e6 fxe6 17. Nf4 Kf7 18. Be2 Rg8 19. Nxe6 Ne5 20. Nd4 Bd7 21.
O-O c5 22. f4 gxf3 23. Nxf3 Nxf3+ 24. Bxf3 Ke8 25. Bh5+ Kd8 26. Bf7 Rg4 27. Be6
Rd4 28. c3 Rd6 29. Rxd6 exd6 30. Rf8+ Be8 31. Rh8 Ke7 32. Bd5 Rb8 33. Rh7+ Kf6
34. Rxh6+ Ke5 35. c4 Bc6 36. Re6+ Kd4 37. Bxc6 bxc6 38. Rxd6+ Kxc4 39. Rd2 Rg8
40. Kf2 Kb4 41. Rd7 a5 42. Rb7+ Kc4 43. h5 Kd4 44. h6 Ke4 45. h7 Rh8 46. Rf7
Ke5 47. Ke3 c4 48. Kd2 Kd4 49. g4 1-0

[Event "NB I. Maroczy csoport"]
[Site "Budapest"]
[Date "2023.10.15"]
[Round "2.5"]
[White "Borsavolgyi, Tamas"]
[Black "Kormos, Adam"]
[Result "0-1"]
[WhiteElo "2061"]
[BlackElo "2208"]
[PlyCount "80"]
[EventDate "2023.10.08"]
[EventType "team-tourn"]
[EventRounds "11"]
[EventCountry "HUN"]
[Source "chess.hu"]
[WhiteTeam "NYVSC "]
[BlackTeam "Dr.  Hetenyi Geza SK"]
[WhiteTeamCountry "HUN"]
[BlackTeamCountry "HUN"]

1. e4 c5 2. Nf3 d6 3. d4 cxd4 4. Nxd4 Nf6 5. Nc3 g6 6. Be3 Bg7 7. f3 Nc6 8. Qd2
O-O 9. Bc4 Nxd4 10. Bxd4 Be6 11. Nd5 Bxd5 12. Bxd5 Nxd5 13. Bxg7 Kxg7 14. Qxd5
Rc8 15. O-O-O Qb6 16. h4 h5 17. Rd2 Rc5 18. Qd4+ Kh7 19. Kb1 Rfc8 20. Rc1 R8c6
21. c3 a5 22. Rdc2 Qa6 23. c4 a4 24. Rc3 b5 25. cxb5 Qxb5 26. Rxc5 Rxc5 27.
Rxc5 dxc5 28. Qd2 a3 29. b3 Qf1+ 30. Kc2 c4 31. Kc3 cxb3 32. Kxb3 Qa6 33. Qd5
e6 34. Qc4 Qa7 35. Qc3 Kg8 36. g4 hxg4 37. fxg4 Qe7 38. h5 Qb7+ 39. Qb4 Qxb4+
40. Kxb4 f5 0-1

[Event "NB I. Maroczy csoport"]
[Site "Budapest"]
[Date "2023.10.15"]
[Round "2.6"]
[White "Horvath, Istvan"]
[Black "Egyed, Judit"]
[Result "1/2-1/2"]
[WhiteElo "2183"]
[BlackElo "2090"]
[PlyCount "23"]
[EventDate "2023.10.08"]
[EventType "team-tourn"]
[EventRounds "11"]
[EventCountry "HUN"]
[Source "chess.hu"]
[WhiteTeam "Dr.  Hetenyi Geza SK"]
[BlackTeam "NYVSC "]
[WhiteTeamCountry "HUN"]
[BlackTeamCountry "HUN"]

1. e4 c5 2. Nc3 d6 3. g3 g6 4. Bg2 Bg7 5. d3 Nc6 6. Bg5 Nf6 7. h3 h6 8. Be3 Nd4
9. Qd2 e5 10. Nce2 Be6 11. c3 Nc6 12. f4 1/2-1/2

[Event "NB I. Maroczy csoport"]
[Site "Budapest"]
[Date "2023.10.15"]
[Round "2.7"]
[White "Egyed, Zsolt"]
[Black "Binder, Tamas"]
[Result "1/2-1/2"]
[WhiteElo "2046"]
[BlackElo "2238"]
[PlyCount "78"]
[EventDate "2023.10.08"]
[EventType "team-tourn"]
[EventRounds "11"]
[EventCountry "HUN"]
[Source "chess.hu"]
[WhiteTeam "NYVSC "]
[BlackTeam "Dr.  Hetenyi Geza SK"]
[WhiteTeamCountry "HUN"]
[BlackTeamCountry "HUN"]

1. e4 c6 2. d4 d5 3. Nc3 dxe4 4. Nxe4 Bf5 5. Ng3 Bg6 6. Nf3 Nd7 7. Bd3 e6 8.
Bf4 Ngf6 9. Qd2 Nd5 10. Bxg6 hxg6 11. O-O-O Nxf4 12. Qxf4 Be7 13. Kb1 Qb8 14.
Qe3 Qc7 15. Rhe1 O-O-O 16. h3 Bd6 17. Ne4 Bf4 18. Qa3 Rh5 19. g3 Ra5 20. Qe7
Nf6 21. Qxc7+ Bxc7 22. Nfg5 Nxe4 23. Nxe4 Rad5 24. c3 e5 25. Kc2 exd4 26. cxd4
Rxd4 27. Rxd4 Rxd4 28. Ng5 f6 29. Ne6 Ba5 30. Re2 Ra4 31. a3 Rc4+ 32. Kd3 Rc1
33. Nxg7 Kd7 34. h4 Rd1+ 35. Kc2 Re1 36. Rxe1 Bxe1 37. h5 gxh5 38. Nxh5 Ke7 39.
f3 c5 1/2-1/2

[Event "NB I. Maroczy csoport"]
[Site "Budapest"]
[Date "2023.10.15"]
[Round "2.8"]
[White "Seres, Bela"]
[Black "Blahota, Marcell"]
[Result "1-0"]
[WhiteElo "2137"]
[BlackElo "2037"]
[PlyCount "149"]
[EventDate "2023.10.08"]
[EventType "team-tourn"]
[EventRounds "11"]
[EventCountry "HUN"]
[Source "chess.hu"]
[WhiteTeam "Dr.  Hetenyi Geza SK"]
[BlackTeam "NYVSC "]
[WhiteTeamCountry "HUN"]
[BlackTeamCountry "HUN"]

1. c4 Nf6 2. g3 c6 3. Bg2 d5 4. cxd5 cxd5 5. Nf3 Nc6 6. O-O e5 7. b3 Bd6 8. Bb2
O-O 9. d4 e4 10. Ne1 Qb6 11. Nc2 a5 12. Nd2 a4 13. Bc3 Bf5 14. b4 Rac8 15. Ne3
Bd7 16. a3 Rfe8 17. Nb1 Na7 18. Qd2 Nb5 19. Ra2 Bb8 20. Ba1 Ba7 21. Nc3 Nxc3
22. Bxc3 Rc7 23. Rc2 Rec8 24. Rfc1 Be6 25. Bb2 Ne8 26. Rxc7 Rxc7 27. Rc5 Qd6
28. Rc3 Rxc3 29. Qxc3 Nc7 30. Qc2 Bd7 31. Nd1 g6 32. e3 h5 33. Nc3 b5 34. Qe2
Kg7 35. f3 exf3 36. Qxf3 Bg4 37. Qf2 Qd7 38. Bf1 Qe8 39. Bg2 Qd7 40. Bf1 Qe8
41. Bd3 Bd7 42. Bc1 Bc6 43. Qe2 Qd7 44. Bd2 Bb6 45. Be1 f5 46. Qf1 Ba7 47. g4
hxg4 48. Bg3 Bb8 49. Be5+ Kf7 50. Qf2 Qe8 51. Qh4 Ke6 52. Qh7 Na6 53. Qg7 Bxe5
54. Qxe5+ Kf7 55. Qxe8+ Bxe8 56. Bxb5 Bxb5 57. Nxb5 Ke6 58. Nc3 Nc7 59. Nxa4
Nb5 60. Nc5+ Kd6 61. a4 Nc3 62. Kf2 Kc6 63. Nd3 Nxa4 64. Ne5+ Kb5 65. Nxg6 Nc3
66. Ne7 Ne4+ 67. Ke2 Nc3+ 68. Kd3 Kxb4 69. Nxf5 Ne4 70. Ng3 Nf6 71. e4 dxe4+
72. Nxe4 Nd5 73. Nd2 Nf6 74. Ke3 Kc3 75. Ne4+ 1-0

[Event "NB I. Maroczy csoport"]
[Site "Budapest"]
[Date "2023.10.15"]
[Round "2.9"]
[White "Ruboczki, Tibor"]
[Black "Pervai, Laszlo"]
[Result "1/2-1/2"]
[WhiteElo "2002"]
[BlackElo "2047"]
[PlyCount "47"]
[EventDate "2023.10.08"]
[EventType "team-tourn"]
[EventRounds "11"]
[EventCountry "HUN"]
[Source "chess.hu"]
[WhiteTeam "NYVSC "]
[BlackTeam "Dr.  Hetenyi Geza SK"]
[WhiteTeamCountry "HUN"]
[BlackTeamCountry "HUN"]

1. d4 d5 2. c4 e6 3. Nf3 Nf6 4. Nc3 c6 5. Bg5 Nbd7 6. e3 Qa5 7. Nd2 Bb4 8. Qc2
Ne4 9. Ndxe4 dxe4 10. Bh4 O-O 11. Be2 e5 12. O-O exd4 13. Nxe4 f5 14. a3 fxe4
15. axb4 Qxb4 16. exd4 Nf6 17. Rfd1 Bf5 18. Qd2 Qb6 19. b4 a6 20. Ra5 Bg6 21.
Re5 Rad8 22. Qc3 Rd7 23. Bg5 Qc7 24. Be3 1/2-1/2

[Event "NB I. Maroczy csoport"]
[Site "Budapest"]
[Date "2023.10.15"]
[Round "2.10"]
[White "Kormos, Andras"]
[Black "Kristofori, Attila"]
[Result "1-0"]
[WhiteElo "2071"]
[BlackElo "1968"]
[PlyCount "101"]
[EventDate "2023.10.08"]
[EventType "team-tourn"]
[EventRounds "11"]
[EventCountry "HUN"]
[Source "chess.hu"]
[WhiteTeam "Dr.  Hetenyi Geza SK"]
[BlackTeam "NYVSC "]
[WhiteTeamCountry "HUN"]
[BlackTeamCountry "HUN"]

1. c4 f5 2. Nc3 Nf6 3. g3 d6 4. d4 g6 5. Bg2 Bg7 6. Nf3 c6 7. O-O O-O 8. Rb1
Kh8 9. b4 Nbd7 10. b5 Nb6 11. bxc6 bxc6 12. Nd2 Bd7 13. Qb3 Rb8 14. Ba3 Qc7 15.
Qc2 Rfc8 16. c5 Nbd5 17. cxd6 Qa5 18. Rxb8 Rxb8 19. Nxd5 Nxd5 20. Nc4 Qa6 21.
dxe7 Bxd4 22. Bd6 Re8 23. Ne5 Bxe5 24. Bxe5+ Kg8 25. Bxd5+ cxd5 26. Qc5 Qe6 27.
Bd6 f4 28. Rd1 Qxe2 29. Qxd5+ Be6 30. Qd3 Qg4 31. f3 Qg5 32. Qd2 h6 33. Qxf4
Qxf4 34. gxf4 Bxa2 35. Ra1 Bc4 36. Rxa7 Kg7 37. Kf2 Be6 38. h4 h5 39. Ke3 Bf5
40. Kd4 Be6 41. Ra6 Kf7 42. Ke5 Bc8 43. Rb6 Bd7 44. Bb4 Rc8 45. Rf6+ Kg7 46.
Rf8 Re8 47. Bd6 Bb5 48. f5 gxf5 49. Kxf5 Bd3+ 50. Kg5 Bg6 51. f4 1-0

[Event "NB I. Maroczy csoport"]
[Site "Budapest"]
[Date "2023.10.15"]
[Round "2.11"]
[White "Hurkovszkij, Vladyslav"]
[Black "Csonkics, Tunde"]
[Result "1-0"]
[WhiteElo "1892"]
[BlackElo "2004"]
[PlyCount "123"]
[EventDate "2023.10.08"]
[EventType "team-tourn"]
[EventRounds "11"]
[EventCountry "HUN"]
[Source "chess.hu"]
[WhiteTeam "NYVSC "]
[BlackTeam "Dr.  Hetenyi Geza SK"]
[WhiteTeamCountry "HUN"]
[BlackTeamCountry "HUN"]

1. d4 f5 2. Nf3 Nf6 3. Bf4 g6 4. e3 Bg7 5. c3 O-O 6. Nbd2 e6 7. Be2 b6 8. O-O
Bb7 9. Qb3 Nc6 10. Ne5 Na5 11. Qc2 d6 12. Nef3 Qe7 13. h3 Nh5 14. Bh2 e5 15.
dxe5 dxe5 16. b4 Nc6 17. Nc4 f4 18. exf4 exf4 19. Rfe1 Kh8 20. b5 Na5 21. Nxa5
bxa5 22. Bd3 Qc5 23. Nd4 Rae8 24. Bxg6 hxg6 25. Rxe8 Rxe8 26. Qxg6 Qe5 27. Kh1
Rf8 28. Ne6 Be4 29. Nxf8 Bxf8 30. Qf7 Bd6 31. Rd1 Qxb5 32. c4 Qf5 33. Qe8+ Kh7
34. f3 Bb7 35. c5 Qxc5 36. Qf7+ Ng7 37. Bxf4 Qc2 38. Rg1 Bxf4 39. Qxf4 Qxa2 40.
Qxc7 Qb2 41. Qxa5 Qd4 42. Ra1 a6 43. Rb1 Bc8 44. Qc7 Bf5 45. Rb7 Qf6 46. Kh2
Bg6 47. Rb6 Qg5 48. Rxa6 Kh6 49. Qd6 Kh7 50. Rc6 Nf5 51. Rc7+ Ng7 52. Rc8 Qf5
53. Rf8 Bf7 54. Rb8 Nh5 55. Rb6 Bg6 56. Rc6 Qg5 57. g4 Qf4+ 58. Qxf4 Nxf4 59.
Kg3 Ne2+ 60. Kf2 Nf4 61. h4 Bf7 62. Rf6 1-0

[Event "NB I. Maroczy csoport"]
[Site "Budapest"]
[Date "2023.10.15"]
[Round "2.12"]
[White "Gelle, Istvan"]
[Black "Gunyecz, Zoltan Dr"]
[Result "1-0"]
[WhiteElo "2150"]
[BlackElo "1886"]
[PlyCount "47"]
[EventDate "2023.10.08"]
[EventType "team-tourn"]
[EventRounds "11"]
[EventCountry "HUN"]
[Source "chess.hu"]
[WhiteTeam "Dr.  Hetenyi Geza SK"]
[BlackTeam "NYVSC "]
[WhiteTeamCountry "HUN"]
[BlackTeamCountry "HUN"]

1. d4 Nf6 2. Nf3 d5 3. Bf4 Bf5 4. c4 c6 5. Nc3 e6 6. Qb3 Qb6 7. c5 Qxb3 8. axb3
Nbd7 9. b4 Ne4 10. b5 Nxc3 11. bxc3 cxb5 12. e3 Kd8 13. Bxb5 a6 14. c6 bxc6 15.
Bxc6 Ra7 16. Ke2 Kc8 17. Rhc1 Nb6 18. Nd2 Nc4 19. Nxc4 dxc4 20. e4 Bg6 21. Rcb1
Kd8 22. Rb8+ Ke7 23. Re8+ Kf6 24. g4 1-0

[Event "NB I. Maroczy csoport"]
[Site "Kecskemet"]
[Date "2023.10.15"]
[Round "2.1"]
[White "Kun, Gabor"]
[Black "Groszpeter, Attila"]
[Result "1/2-1/2"]
[WhiteElo "2244"]
[BlackElo "2426"]
[PlyCount "32"]
[EventDate "2023.10.08"]
[EventType "team-tourn"]
[EventRounds "11"]
[EventCountry "HUN"]
[Source "chess.hu"]
[WhiteTeam "Magyar Sakkvilag-SMS"]
[BlackTeam "Neumann J. Egyetem"]
[WhiteTeamCountry "HUN"]
[BlackTeamCountry "HUN"]

1. e4 e5 2. Nf3 Nc6 3. Nc3 Nf6 4. d4 exd4 5. Nxd4 Bb4 6. Nxc6 bxc6 7. Bd3 d5 8.
exd5 cxd5 9. O-O O-O 10. Bg5 c6 11. Qf3 Be6 12. h3 h6 13. Bxf6 Qxf6 14. Qxf6
gxf6 15. Ne2 Rfe8 16. Rad1 Bd7 1/2-1/2